000 00650nam a2200229Ia 4500
003 OSt
005 20220927105224.0
006 a|||||r|||| 00| 0
007 ta
008 220926b |||||||| |||| 00| 0 eng d
024 _a188209
037 _cReference Collections
040 _aRTL
_cRTL
_beng
041 _2eng
_aeng
082 _a"W81, L4/SC"
100 _aWARTHEIM W.F.
_9371143
245 0 _aEvolution and revolution
_b the rising waves of emancipation
260 _aHarmendsworth
_bPenguin books
_c1974
300 _a416p
_ccm.
942 _h"W81, L4/SC"
_cCC
999 _c691378
_d691378